000 00457nam a2200169Ia 4500
003 GCL
008 140319s9999 xx 000 0 eng d
040 _aGCL /
_cGCL
082 0 4 _a418.02
_bC A
100 1 _aCHAMDERLIN, DENNIS
245 1 0 _aADVANCED ENGLISH FOR TRANSLATION /
_cCHAMDERLIN, DENNIS
260 _a[S.N] :
_bCAMBRIBGE UNIVERSITY PRESS ،
_c1994
300 _a110 P
650 0 4 _aENGLISH LANGUAGE
650 0 4 _aTRANSLATION
942 _2ddc
_cBK
999 _c18123
_d18123